Ensayo de ética sexual: la sexualidad humana

Salvato in:
Dettagli Bibliografici
Autore principale: Snoek, Jaime (Autore)
Natura: Libro
Lingua:spagnolo
Pubblicazione: Bogotá Paulinas 1988
Soggetti:
Tags: Aggiungi Tag
Nessun Tag, puoi essere il primo ad aggiungerne!!

MARC

LEADER 00000nam a2200000 a 4500
001 UCW9646
003 CL-VaPUC
008 890602e19880000CK |||||||||||||||||spa|d
082 0 4 |a 176  |b SNO  |2 21 
100 0 |a Snoek, Jaime  |e author  |9 314984 
245 1 0 |a Ensayo de ética sexual: la sexualidad humana 
300 |a 201 p 
942 |c BK 
945 |d 19890602 00:00:00 
260 |a Bogotá  |b Paulinas  |c 1988 
650 7 |a ETICA SEXUAL  |2 CL-VaPUC  |9 314985 
583 |a last modification  |c 20120703 10:18:38  |k Rodrigo Vera 
999 |c 221559  |d 221557 
952 |0 0  |1 0  |4 0  |6 176_000000000000000_SNO_1988  |7 0  |8 A  |9 215026  |a BIBTEO  |b BIBTEO  |d 2019-11-15  |i 2835886  |o 176 SNO 1988  |p 2835886  |r 2025-01-17  |w 2019-11-15  |y BK  |k ICR